Logistické technologie v dodavatelském řetězci

Salvato in:
Dettagli Bibliografici
Autori principali: Lukoszová, Xenie (Autore), a kol (Autore)
Natura: Libro
Lingua:ceco
Pubblicazione: Praha : Ekopress, 2012
Soggetti:
Tags: Aggiungi Tag
Nessun Tag, puoi essere il primo ad aggiungerne!!

MARC

LEADER 00000nam a22000003a 4500
001 stu265767
005 20150617230222.9
008 130423s2012----xr------------------cze-d
020 |a 978-80-86929-89-7 
040 |a STU  |b slo 
041 0 |a cze 
044 |a xr 
080 |a 658.7 
100 1 |a Lukoszová, Xenie  |4 aut 
245 1 |a Logistické technologie v dodavatelském řetězci 
260 |a Praha :  |b Ekopress,  |c 2012 
300 |a 121 s 
650 7 |a logistika  |2 stusub 
700 1 |a a kol.  |4 aut 
996 |b 284M085056  |c M*13473-1  |l MMKN  |s A  |a 24  |w stu265767_0001 
996 |b 284M085058  |c M*13473-2  |l MMKN  |s A  |a 24  |w stu265767_0002 
996 |b 284M085059  |c M*13473-3  |l MMKN  |s A  |a 24  |w stu265767_0003 
996 |b 284M085060  |c M*13473-4  |l MMKN  |s A  |a 24  |w stu265767_0004 
996 |b 284M085061  |c M*13473-5  |l MMKN  |s A  |a 24  |w stu265767_0005